000 00669nam a2200265Ia 4500
005 20260121171528.0
008 008 260114s9999 xx 000 0 eng d
020 _a9783030243401
037 _aEBOOK
040 _aCRL
040 _beng
040 _cCRL
041 _2eng
041 _aeng
084 _qCRL
100 _aSvetlana Moskvitcheva, Alain Viaut
_91077329
245 0 _aMinority Languages from Western Europe and Russia
260 _bSpringer
260 _bSpringer
260 _c2019
856 _uhttps://link.springer.com/openurl?genre=book&isbn=978-3-030-24340-1
942 _cEBOOK
999 _c1643060
_d1643060